| 000 | 01846cam a22004934i 4500 | ||
|---|---|---|---|
| 003 | PE-LiUPU | ||
| 005 | 20250731173422.0 | ||
| 008 | 150706s2012 fl rb 000 0 spa d | ||
| 020 | _a9780829759372 | ||
| 035 | _a(Sirsi) i9780829759372 | ||
| 040 |
_aPE-LiUPU _bspa _cPE-LiUPU _erda |
||
| 049 | _aPRUA | ||
| 082 | 0 | 4 |
_a225.077 _bCBA _221 |
| 100 | 1 |
_aFernando, Ajith, _eautor. |
|
| 245 | 1 | 0 |
_aComentarios bíblicos con aplicación : _bHechos, del texto bíblico a una aplicación contemporánea / _cAjith Fernando. |
| 264 | 1 |
_aMiami, Florida : _bVida, _c2012. |
|
| 300 |
_a680 páginas ; _c24 centímetros. |
||
| 336 |
_atext _2rdacontent |
||
| 337 |
_aunmediated _2rdamedia |
||
| 338 |
_avolume _2rdacarrier |
||
| 490 | 1 | _aCommentarios bíblicos con aplicación, Serie NVI. | |
| 500 | _aTranslation of: NIV application commentary: Acts. Grand Rapids, Mich. : Zondervan, 1998. | ||
| 504 | _aIncluye bibliografía : páginas 44-47. | ||
| 505 | 0 | _aTexto y comentario de Hechos. | |
| 526 | _aSEG42 | ||
| 526 | _aSEG41 | ||
| 526 | _aSEG40 | ||
| 526 | _aSEG39 | ||
| 526 | _aP94 | ||
| 526 | _aP87 | ||
| 526 | _aP86 | ||
| 526 | _aP85 | ||
| 526 | _aP77 | ||
| 526 | _aP76 | ||
| 526 | _aP35 | ||
| 541 | _g001-0000594; | ||
| 630 |
_aBiblia. _pN.T. _pHechos _xComentarios. |
||
| 910 |
_agl _bjv _clch _d20121002 |
||
| 942 |
_2ddc _cBOOK |
||
| 949 |
_a225.077 CBA 5 _wDEWEY _c1 _i65443 _lCCODEBUL1 _mBUL _p43.00 _r0 _sY _tBOOK _u2015-7-6 _xTEOLOGIA _PP35 _o.STAFF. Colección Teología |
||
| 994 |
_aC0 _bPEPRU |
||
| 596 | _a1 | ||
| 999 |
_a225.077 CBA 5 _wDEWEY _c53947 _i65443 _d53947 _e2019-4-12 _f2021-11-9 _g5 _lCCODEBUL1 _mBUL _n5 _p43.00 _q11 _r0 _sY _tBOOK _u2015-7-6 _xTEOLOGIA _PP35 _0COMPRA _o.STAFF. Colección Teología |
||
| 980 |
_81 _gALBERTO SANCHEZ Responsable de Automatización |
||